000 00673nam a22001937a 4500
003 OSt
005 20250806032816.0
008 240910b |||||||| |||| 00| 0 eng d
020 _a971-8614-45-7
040 _aDWCL-Main Lib.
_cOC
082 _aFil. 624 G476c 2012
100 _aGillesania, Diego Inocencio T
245 _aCivil engineering reference :
_bfor licensure examination volume 3 /
_cDiego Inocencio T. Gillesania
260 _a [Banawa, Cebu City] :
_bDiego Inocencio Tapang Gillesania,
_cc2012.
300 _a230 pages :
_billustrations ;
_c23cm.
650 _a1. Civil engineering - reviewer .
650 _a2. Questionnaire.
942 _2ddc
_cBK - FIL
_kFil.
_n0
999 _c3067
_d3067